000 00210nam a2200085Ia 4500
008 170620s9999 xx 000 0 und d
100 _aPRANJAPE- N V
245 4 _aTHE CODE OF CRIMINAL PROCEDURE
260 _bALLAHABAD :C L A
260 _c2009
999 _c29489
_d29489